Hack não : Phương pháp
Nội dung sách gồm: đòn bảy và tâm lý; đường tắt giỏi tiếng anh; nền tảng thoát mất gốc tiếng anh; luyện nghe, kỹ năng dễ nhất trong tiếng anh; giao tiếp thành thạo.
সংরক্ষণ করুন:
| প্রধান লেখক: | |
|---|---|
| বিন্যাস: | গ্রন্থ |
| ভাষা: | Undetermined |
| প্রকাশিত: |
Hà Nội
Thế giới
2020
|
| বিষয়গুলি: | |
| ট্যাগগুলো: |
ট্যাগ যুক্ত করুন
কোনো ট্যাগ নেই, প্রথমজন হিসাবে ট্যাগ করুন!
|
| Thư viện lưu trữ: | Trung tâm Học liệu Trường Đại học Cần Thơ |
|---|
| LEADER | 00874nam a2200229Ia 4500 | ||
|---|---|---|---|
| 001 | CTU_235529 | ||
| 008 | 210402s9999 xx 000 0 und d | ||
| 020 | |c 115000 | ||
| 082 | |a 428.1 | ||
| 082 | |b H307 | ||
| 100 | |a Nguyễn, Văn Hiệp | ||
| 245 | 0 | |a Hack não : | |
| 245 | 0 | |b Phương pháp | |
| 245 | 0 | |c Nguyễn Văn Hiệp | |
| 260 | |a Hà Nội | ||
| 260 | |b Thế giới | ||
| 260 | |c 2020 | ||
| 520 | |a Nội dung sách gồm: đòn bảy và tâm lý; đường tắt giỏi tiếng anh; nền tảng thoát mất gốc tiếng anh; luyện nghe, kỹ năng dễ nhất trong tiếng anh; giao tiếp thành thạo. | ||
| 650 | |a Tiếng Anh,English language | ||
| 650 | |x Dạy và học,Study and teaching | ||
| 910 | |a Tuyến | ||
| 980 | |a Trung tâm Học liệu Trường Đại học Cần Thơ | ||